Podnikové plánovanie (cvičebnica)
Na minha lista:
| Autor principal: | |
|---|---|
| Autor Corporativo: | |
| Outros Autores: | , , |
| Formato: | Livro |
| Idioma: | eslovaco |
| Publicado em: |
Bratislava
Vydavateľstvo EKONÓM
2017
|
| Edição: | 1. vyd. |
| Assuntos: | |
| Tags: |
Sem tags, seja o primeiro a adicionar uma tag!
|
MARC
| LEADER | 00000nlm a2200000 4500 | ||
|---|---|---|---|
| 001 | 0236028 | ||
| 005 | 20240827084239.0 | ||
| 020 | |a 978-80-225-4382-8 | ||
| 041 | 0 | |a slo | |
| 044 | |a SK | ||
| 245 | 1 | 0 | |a Podnikové plánovanie |b (cvičebnica) |c Petra Szaryszová, Lenka Štofová ; recenzenti: Michal Pružinský, Iveta Ubrežiová |
| 250 | |a 1. vyd. | ||
| 264 | 1 | |a Bratislava |b Vydavateľstvo EKONÓM |c 2017 | |
| 300 | |a online [241 s., 10,26 AH] | ||
| 610 | 2 | 0 | |a plánovanie podnikové |
| 610 | 2 | 0 | |a plánovanie strategické |
| 610 | 2 | 0 | |a metóda BSC |
| 610 | 2 | 0 | |a plánovanie projektové |
| 610 | 2 | 0 | |a plánovanie zásob |
| 610 | 2 | 0 | |a materiál |
| 610 | 2 | 0 | |a plánovanie výroby |
| 610 | 2 | 0 | |a marketing |
| 610 | 2 | 0 | |a plánovanie personálne |
| 610 | 2 | 0 | |a investovanie |
| 610 | 2 | 0 | |a plánovanie finančné |
| 610 | 2 | 0 | |a plán finančný |
| 610 | 2 | 0 | |a analýza finančná |
| 610 | 2 | 0 | |a kontrola |
| 610 | 2 | 0 | |a kontrola podniková |
| 100 | 1 | |a Szaryszová, Petra, 1984- | |
| 700 | 1 | |a Štofová, Lenka, 1989- | |
| 700 | 1 | |a Pružinský, Michal, 1952- | |
| 700 | 1 | |a Ubrežiová, Iveta | |
| 710 | 2 | |a Ekonomická univerzita v Bratislave. Podnikovohospodárska fakulta so sídlom v Košiciach | |